#コンパス 参加クリエイター(音楽) - Statistics

General Stats
  • This quiz has been taken 67 times
  • The average score is 29 of 44
Answer Stats
キャラクター クリエイター 楽曲 % Correct
リリカ かいりきベア アルカリレットウセイ
96%
ルルカ かいりきベア アイ情劣等生
96%
Voidoll ナユタン星人 ダンスロボットダンス
88%
ラヴィ・シュシュマルシュ すりぃ ラヴィ
88%
ルチアーノ MARETU ドクハク
88%
ゲームバズーカガール ピノキオピー リアルにぶっとばす
86%
メグメグ 八王子P バイオレンストリガー
86%
マルコス'55 40mP ハイスペックニート
84%
ジャンヌ ダルク まふまふ マチガイサガシ
82%
桜華 忠臣 164 残響
80%
13†サーティーン† 鬱P 天使だと思っていたのに
78%
双挽 乃保 ポリスピカデリー キレキャリオン
76%
ピエール 77世 cosMo@暴走P 欲望我慢スル事ナカレ
75%
ソーン=ユーリエフ Eve やどりぎ
75%
青春 アリス HoneyWorks アリスブルー
75%
Bugdoll Omoi スティールユー
75%
糸廻 輪廻 syudou 孤独毒毒
75%
イグニス=ウィル=ウィスプ Kanaria アイロニック
71%
アミスター=バランディン 柊マグネタイト Red rose
67%
狐ヶ咲 甘色 一二三 萌す心を
65%
輝龍院 きらら EasyPop だから言ったでしょ?
65%
グスタフ ハイドリヒ niki グラーヴェ
65%
コラプス wotaku
65%
ヴィーナス ポロロッチョ さつき が てんこもり クレイジー・ビート
61%
ニコラ テスラ TOKOTOKO テスラは夢の中
61%
マリア=S=レオンブルク 梅とら KILLER B
57%
深川 まとい buzzG アヤカシ
57%
十文字 アタリ PolyphonicBranch レトロマニア狂想曲
57%
トマス YASUHIRO(康寛) アブソリュート
57%
デビルミント鬼龍 デルミン サンリオ 惑星のダンスフロア
55%
コクリコット ブランシュ Drop & 葉月ゆら 撥条少女時計
55%
零夜 lumo パラレルレイヤー
55%
かけだし勇者 mothy_悪ノP 君はただ二回飛べばいい
55%
ヴィオレッタ ノワール OSTER project カンタービレ×パッシオーネ
55%
イスタカ のぼる↑ キミノカゼニナル
53%
鬼ヶ式 うら てにをは 修羅薔薇
51%
ステリア・ララ・シルワ Junky オシオキGIMMICK!!
51%
HM-WA100 ニーズヘッグ *Luna ST/A#R
49%
天空王 ぶれいずどらごん ゆよゆっぺ Burning Burning Burning
45%
クー・シー 雄之助 ディメンション
45%
アダム=ユーリエフ banvox Let Me Take You
45%
某<なにがし> john BLINDNESS
45%
アル・ダバブ=アルカティア ユギカ エウレカレプリカ
43%
ジャスティス ハンコック ダルビッシュP Call of Justice
41%
No matching quizzes found
Score Distribution
Percent of People with Each Score
Percentile by Number Answered
Your Score History
You have not taken this quiz